000 00588nam a2200217Ia 4500
001 3104
003 GE_BSU
008 181216s||||||||xx |||||||||||||| ||und||
020 _a5876850675
040 _cGE_BSU
080 _a338.45
100 _aГлухов, В.В.
245 _aЭкономика малого предприятия.
260 _aСПБ
260 _bСпециальная Литература
260 _c1997
300 _a80 ст. 21 см.
541 _h1Л. 85Т.
653 _aЭкономика малого предприятия.
942 _cBK
999 _c37148
_d37148